Statistics for Top 30 Countries in Men's 100 Meters (Hard)

Click here to take the quiz!

General Stats

  • This quiz has been taken 22 times
  • The average score is 11 of 30

Answer Stats

NRContinentAnswer% Correct
9.58North AmericaJamaica
100%
9.69North AmericaUnited States
95%
9.80EuropeItaly
71%
9.82North AmericaTrinidad and Tobago
71%
9.83EuropeUnited Kingdom
71%
9.84North AmericaCanada
62%
9.77AfricaKenya
62%
9.83AsiaChina
57%
9.86EuropeFrance
57%
9.96South AmericaBrazil
52%
9.84AfricaSouth Africa
48%
9.93OceaniaAustralia
43%
9.85AfricaNigeria
43%
9.91North AmericaBahamas
38%
9.95AsiaJapan
29%
9.91EuropeNetherlands
29%
9.88AfricaBotswana
24%
9.86EuropePortugal
24%
9.89South AmericaSuriname
24%
9.87North AmericaBarbados
19%
9.86AfricaNamibia
19%
9.91AsiaQatar
19%
9.93North AmericaSaint Kitts and Nevis
19%
9.96AfricaCameroon
14%
9.90AfricaGhana
14%
9.93AfricaIvory Coast
14%
9.96AsiaSri Lanka
10%
9.92AsiaTurkey
10%
9.91North AmericaAntigua and Barbuda
5%
9.89AfricaZimbabwe
5%

Score Distribution

Percentile by Number Answered

Percent of People with Each Score

Your Score History

You have not taken this quiz